[Event "Karlsruhe Grenke op"]
[Site "Karlsruhe"]
[Date "2024.03.31"]
[Round "7"]
[White "Coenen, Michael"]
[Black "Fromm, Marius"]
[Result "0-1"]
[WhiteElo "2320"]
[BlackElo "2445"]
[PlyCount "154"]
[EventDate "2024.03.28"]
[EventType "swiss"]
[EventRounds "9"]
[EventCountry "GER"]
[SourceTitle "CB14_2024"]
[SourceDate "2024.04.01"]
[SourceVersion "1"]
[SourceVersionDate "2024.04.01"]
[SourceQuality "1"]

1. d4 Nf6 2. c4 e6 3. Nc3 Bb4 4. Qc2 d5 5. cxd5 exd5 6. Bg5 h6 7. Bxf6 Qxf6 8. e3 c6 9. a3 Bf5 10. Qb3 Bxc3+ 11. Qxc3 0-0 12. Ne2 Nd7 13. Ng3 Bg6 14. Be2 Rfe8 15. 0-0 Qd6 16. Rfc1 Rac8 17. b4 Nf6 18. b5 Qb8 19. Qb2 cxb5 20. Bxb5 Re7 21. Rxc8+ Qxc8 22. Rc1 Rc7 23. Ne2 a6 24. Ba4 Bd3 25. Rxc7 Qxc7 26. Qc3 Bc4 27. Bc2 b5 28. Ng3 a5 29. e4 Qf4 30. Qe3 Qxe3 31. fxe3 dxe4 32. Bxe4 b4 33. axb4 a4 34. Bb1 a3 35. b5 a2 36. Bxa2 Bxa2 37. e4 Bc4 38. b6 Nd7 39. Kf2 Nxb6 40. Ke3 Ba6 41. d5 Nd7 42. Kd4 f6 43. Nf5 h5 44. h4 g6 45. Ne7+ Kf7 46. Nc6 Bb5 47. Nd8+ Ke7 48. Ne6 Kd6 49. Nd8 Bf1 50. g3 Ba6 51. Ne6 Ne5 52. Nf4 Bc8 53. Ne2 Bg4 54. Nc3 Bd7 55. Ne2 f5 56. Nc3 Ng4 57. exf5 gxf5 58. Ne2 Nf6 59. Nf4 Be8 60. Nd3 Nxd5 61. Ne5 Nf6 62. Nc4+ Ke6 63. Ke3 Nd5+ 64. Kd4 Ne7 65. Nd2 Bc6 66. Ke3 Bd5 67. Nb1 Ke5 68. Nc3 Bc6 69. Ne2 Nd5+ 70. Kf2 Ke4 71. Ng1 Nf6 72. Ne2 Ng4+ 73. Kg1 Ke3 74. Nf4 Be8 75. Kg2 Bf7 76. Kh3 Kf3 77. Nd3 Nf2+ 0-1

[Event "Karlsruhe Grenke op"]
[Site "Karlsruhe"]
[Date "2024.03.31"]
[Round "6"]
[White "Coenen, Michael"]
[Black "Seo, Jung Min"]
[Result "1/2-1/2"]
[WhiteElo "2320"]
[BlackElo "2450"]
[PlyCount "85"]
[EventDate "2024.03.28"]
[EventType "swiss"]
[EventRounds "9"]
[EventCountry "GER"]
[SourceTitle "CB14_2024"]
[SourceDate "2024.04.01"]
[SourceVersion "1"]
[SourceVersionDate "2024.04.01"]
[SourceQuality "1"]

1. d4 Nf6 2. c4 e6 3. Nc3 Bb4 4. Qc2 d6 5. Nf3 0-0 6. Bd2 c5 7. a3 Bxc3 8. Bxc3 cxd4 9. Nxd4 e5 10. Nb3 Qc7 11. e3 Be6 12. Bd3 Nbd7 13. 0-0 Rac8 14. Rac1 Rfd8 15. Rfd1 h6 16. Bb4 d5 17. Be7 Re8 18. Bxf6 Nxf6 19. cxd5 Qxc2 20. Bxc2 Bxd5 21. Nd2 Red8 22. Nf3 Bxf3 23. Rxd8+ Rxd8 24. gxf3 Kf8 25. Bb3 Ne8 26. Ba4 Ke7 27. Bxe8 Kxe8 28. Rc7 Rd7 29. Rc8+ Ke7 30. Kf1 h5 31. Ke2 Ke6 32. Rc4 f6 33. f4 exf4 34. Rxf4 g5 35. Rc4 h4 36. h3 b6 37. a4 Kf5 38. a5 bxa5 39. Rc5+ Kg6 40. Rxa5 Rb7 41. Kf3 Rxb2 42. Rxa7 Rb8 43. Ke4 1/2-1/2

[Event "Budapest SixDays 01 GM-B"]
[Site "Budapest"]
[Date "2024.01.29"]
[Round "5"]
[White "Gombocz, Ferenc Jr"]
[Black "Coenen, Michael"]
[Result "1/2-1/2"]
[WhiteElo "2366"]
[BlackElo "2330"]
[PlyCount "120"]
[EventDate "2024.01.27"]
[EventType "tourn"]
[EventRounds "9"]
[EventCountry "HUN"]
[EventCategory "7"]
[SourceTitle "CB06_2024"]
[SourceDate "2024.02.07"]
[SourceVersion "1"]
[SourceVersionDate "2024.02.07"]
[SourceQuality "1"]

1. c4 e6 2. g3 d5 3. Bg2 Nf6 4. Nf3 Be7 5. 0-0 0-0 6. d4 dxc4 7. Ne5 Nc6 8. Nxc6 bxc6 9. Na3 Bxa3 10. bxa3 Ba6 11. a4 Qd6 12. Qd2 Rfb8 13. Qa5 Rb6 14. Bf4 Qe7 15. Qc5 Qxc5 16. dxc5 Rb2 17. Bxc6 Rc8 18. e4 c3 19. Rfc1 Bb7 20. Bxb7 Rxb7 21. f3 Rb4 22. Rxc3 Rxa4 23. Rb1 Kf8 24. a3 Ke7 25. Rb7 Ne8 26. Be3 e5 27. Kf2 Ke6 28. Ke2 g6 29. Kd3 f5 30. Kc2 fxe4 31. Kb3 Ra6 32. fxe4 Kd7 33. Rxa7 Rxa7 34. c6+ Ke6 35. Bxa7 Nd6 36. Re3 Nb5 37. Bc5 Nd4+ 38. Bxd4 exd4 39. Rf3 Ra8 40. Kc4 Ke5 41. Rf7 Rxa3 42. Re7+ Kd6 43. Rxh7 d3 44. Rd7+ Kxc6 45. Rd5 Ra2 46. Kxd3 Rxh2 47. Rg5 Rh6 48. Kd4 Kd6 49. g4 c6 50. Kc4 Ke6 51. Kd4 Kd6 52. e5+ Ke6 53. Kc5 Kf7 54. Kxc6 Rh1 55. e6+ Kxe6 56. Rxg6+ Kf7 57. Rg5 Kf6 58. Rc5 Rg1 59. g5+ Rxg5 60. Rxg5 Kxg5 1/2-1/2

[Event "Pardubice Czech op-A 34th"]
[Site "Pardubice"]
[Date "2023.07.29"]
[Round "9"]
[White "Coenen, Michael"]
[Black "Janeczko, Jakub"]
[Result "1-0"]
[WhiteElo "2295"]
[BlackElo "2085"]
[PlyCount "75"]
[EventDate "2023.07.21"]
[EventType "swiss"]
[EventRounds "9"]
[EventCountry "CZE"]
[SourceTitle "CBM 215 Extra"]
[Source "ChessBase"]
[SourceDate "2023.09.30"]
[SourceVersion "1"]
[SourceVersionDate "2023.09.30"]
[SourceQuality "1"]

1. Nf3 g6 2. e4 Bg7 3. d4 c6 4. h3 d5 5. e5 Nh6 6. Bd3 0-0 7. Bf4 f6 8. Qd2 Nf7 9. 0-0 Na6 10. Bxa6 bxa6 11. Nc3 g5 12. exf6 exf6 13. Bg3 Nd6 14. Rae1 Bf5 15. Bxd6 Qxd6 16. Na4 Rae8 17. Nc5 Qb8 18. b3 Qb6 19. Qc3 a5 20. g4 Bc8 21. Rxe8 Rxe8 22. Re1 Rxe1+ 23. Nxe1 Bf8 24. Qe3 Kf7 25. Qd3 Kg7 26. Qe3 Kf7 27. Ng2 Bd6 28. Qd3 Kg7 29. Qe3 Kf7 30. h4 h6 31. Qd3 Kg7 32. h5 f5 33. gxf5 Kf6 34. Ne3 Bxc5 35. Ng4+ Kf7 36. Nxh6+ Kf6 37. Qg3 g4 38. Qe5+ 1-0

[Event "Pardubice Czech op-A 34th"]
[Site "Pardubice"]
[Date "2023.07.24"]
[Round "4"]
[White "Malek, Jan"]
[Black "Coenen, Michael"]
[Result "1/2-1/2"]
[WhiteElo "2384"]
[BlackElo "2295"]
[PlyCount "81"]
[EventDate "2023.07.21"]
[EventType "swiss"]
[EventRounds "9"]
[EventCountry "CZE"]
[SourceTitle "CBM 215 Extra"]
[Source "ChessBase"]
[SourceDate "2023.09.30"]
[SourceVersion "1"]
[SourceVersionDate "2023.09.30"]
[SourceQuality "1"]

1. e4 e5 2. Nf3 Nc6 3. d4 exd4 4. Nxd4 Bc5 5. Nb3 Bb6 6. Nc3 Nge7 7. Bf4 d6 8. Qd2 Be6 9. 0-0-0 Qd7 10. Be3 0-0-0 11. Bxb6 axb6 12. Bb5 Bxb3 13. axb3 Qg4 14. f4 Qh5 15. Nd5 Nxd5 16. exd5 Na7 17. Be2 Qh6 18. g3 Rhe8 19. Rhe1 Kb8 20. Bf3 Nc8 21. Re2 Rxe2 22. Qxe2 Rd7 23. Rd4 Re7 24. Re4 Rxe4 25. Bxe4 g6 26. Bf3 Qg7 27. Bg4 f5 28. Bf3 Qd4 29. Qe1 b5 30. b4 Nb6 31. c3 Qd3 32. Qe2 Qxe2 33. Bxe2 Nxd5 34. Bxb5 Nf6 35. Kd2 c6 36. Be2 d5 37. Ke3 Kc7 38. c4 dxc4 39. Bxc4 Kd6 40. Kd4 Ng4 41. Bg8 1/2-1/2

[Event "Pardubice Czech op-A 34th"]
[Site "Pardubice"]
[Date "2023.07.23"]
[Round "3"]
[White "Coenen, Michael"]
[Black "Grabinsky, Aaron"]
[Result "1-0"]
[WhiteElo "2295"]
[BlackElo "2416"]
[PlyCount "73"]
[EventDate "2023.07.21"]
[EventType "swiss"]
[EventRounds "9"]
[EventCountry "CZE"]
[SourceTitle "CBM 215 Extra"]
[Source "ChessBase"]
[SourceDate "2023.09.30"]
[SourceVersion "1"]
[SourceVersionDate "2023.09.30"]
[SourceQuality "1"]

1. d4 Nf6 2. c4 e6 3. Nc3 Bb4 4. Qc2 0-0 5. e4 d6 6. Bd3 e5 7. d5 a5 8. Nge2 Nbd7 9. 0-0 Nc5 10. f3 a4 11. Be3 a3 12. b3 h6 13. Kh1 Bd7 14. Ng3 c6 15. Rad1 Qa5 16. Nce2 cxd5 17. exd5 Nxd3 18. Qxd3 Kh8 19. h3 Ng8 20. Nf5 b5 21. Nxd6 Bxd6 22. c5 Be7 23. c6 Be8 24. d6 Bxc6 25. dxe7 Nxe7 26. Bxh6 Rfd8 27. Qe3 Ng6 28. Ng3 Rxd1 29. Rxd1 Qa7 30. Bxg7+ Kxg7 31. Nf5+ Kf8 32. Rd8+ Rxd8 33. Qxa7 Kg8 34. Kh2 Ra8 35. Qb6 Bd7 36. Qb7 Rd8 37. Qc7 1-0

[Event "Titled Tuesday intern op 18th Apr Early"]
[Site "Chess.com INT"]
[Date "2023.04.18"]
[Round "10"]
[White "Ansh, M Shah"]
[Black "Coenen, Michael"]
[Result "0-1"]
[WhiteElo "2171"]
[BlackElo "2298"]
[PlyCount "114"]
[EventDate "2023.04.18"]
[EventType "swiss (blitz)"]
[EventRounds "11"]
[EventCountry "USA"]
[SourceTitle "EXT 2024"]
[Source "ChessBase"]
[SourceDate "2023.10.10"]
[SourceVersion "1"]
[SourceVersionDate "2023.10.10"]
[SourceQuality "1"]

1. d4 Nf6 2. c4 g6 3. h4 h6 4. Nc3 d5 5. cxd5 Nxd5 6. h5 g5 7. e4 Nxc3 8. bxc3 Bg7 9. f4 gxf4 10. Nf3 c5 11. Bxf4 Nc6 12. Bb5 cxd4 13. Nxd4 Bd7 14. Bxc6 bxc6 15. 0-0 e5 16. Qb3 0-0 17. Bxh6 Bxh6 18. Nf5 Bxf5 19. Rxf5 Qb6+ 20. Kh1 Qxb3 21. axb3 Bg7 22. Rg5 Kh7 23. Rf1 a5 24. Rf3 a4 25. bxa4 Rxa4 26. h6 Bh8 27. Rh3 Rxe4 28. Kh2 f6 29. Rgg3 Re2 30. Rd3 Rf7 31. Rd6 e4 32. Rxc6 f5 33. Re6 Bxc3 34. Re8 f4 35. Rh4 Ba5 36. Rg4 f3 37. Rgg8 Rxg2+ 38. Rxg2 fxg2 39. Kxg2 Rf4 40. Kg3 Rf3+ 41. Kg2 Re3 42. Kf2 Bb6 43. Re7+ Kg8 44. Re6 Rb3+ 45. Ke2 Rb2+ 46. Ke1 e3 47. Kf1 Bd4 48. Ke1 Kh7 49. Kf1 Rf2+ 50. Ke1 Rf6 51. Rxf6 Bxf6 52. Ke2 Bg5 53. Kf3 Kxh6 54. Ke2 Kh5 55. Kf3 Kh4 56. Ke2 Kg4 57. Kd3 Kf3 0-1

[Event "Titled Tuesday intern op 18th Apr Early"]
[Site "Chess.com INT"]
[Date "2023.04.18"]
[Round "3"]
[White "Coenen, Michael"]
[Black "Prohaszka, Peter"]
[Result "0-1"]
[WhiteElo "2298"]
[BlackElo "2584"]
[PlyCount "38"]
[EventDate "2023.04.18"]
[EventType "swiss (blitz)"]
[EventRounds "11"]
[EventCountry "USA"]
[SourceTitle "EXT 2024"]
[Source "ChessBase"]
[SourceDate "2023.10.10"]
[SourceVersion "1"]
[SourceVersionDate "2023.10.10"]
[SourceQuality "1"]

1. e4 c6 2. d4 d5 3. exd5 cxd5 4. Bd3 Nf6 5. h3 Nc6 6. c3 g6 7. Nf3 Bf5 8. 0-0 e6 9. Bb5 Bd6 10. Bh6 Rg8 11. Nbd2 Ne4 12. Be3 h5 13. Qe2 g5 14. Ne5 Bxe5 15. dxe5 g4 16. hxg4 hxg4 17. g3 Nxd2 18. Bxd2 Be4 19. Bd3 Bf3 0-1

[Event "Titled Tuesday intern op 11th Apr Late"]
[Site "Chess.com INT"]
[Date "2023.04.11"]
[Round "6"]
[White "Coenen, Michael"]
[Black "Federzoni, Enzo"]
[Result "1-0"]
[WhiteElo "2298"]
[BlackElo "2133"]
[PlyCount "47"]
[EventDate "2023.04.11"]
[EventType "swiss (blitz)"]
[EventRounds "11"]
[EventCountry "USA"]
[SourceTitle "CBM 213 Extra"]
[Source "ChessBase"]
[SourceDate "2023.05.31"]
[SourceVersion "1"]
[SourceVersionDate "2023.05.31"]
[SourceQuality "1"]

1. Nf3 d5 2. e3 Nf6 3. c4 e6 4. b3 c6 5. Bb2 Bd6 6. d4 0-0 7. Bd3 Nbd7 8. 0-0 b6 9. Nc3 Bb7 10. Rc1 Rc8 11. Re1 c5 12. cxd5 Nxd5 13. Ne4 Bb8 14. dxc5 Nxc5 15. Nxc5 bxc5 16. Qc2 h6 17. a3 Qc7 18. g3 Nb4 19. axb4 Bxf3 20. bxc5 Bb7 21. Be4 h5 22. Bxb7 Qb6 23. Qc3 Qxb7 24. Qxg7# 1-0

[Event "Titled Tuesday intern op 11th Apr Late"]
[Site "Chess.com INT"]
[Date "2023.04.11"]
[Round "3"]
[White "Coenen, Michael"]
[Black "Lobanov, Sergei"]
[Result "0-1"]
[WhiteElo "2298"]
[BlackElo "2536"]
[PlyCount "116"]
[EventDate "2023.04.11"]
[EventType "swiss (blitz)"]
[EventRounds "11"]
[EventCountry "USA"]
[SourceTitle "CBM 213 Extra"]
[Source "ChessBase"]
[SourceDate "2023.05.31"]
[SourceVersion "1"]
[SourceVersionDate "2023.05.31"]
[SourceQuality "1"]

1. Nf3 d5 2. e3 Nf6 3. c4 e6 4. b3 b6 5. Bb2 Bb7 6. Nc3 Nbd7 7. d4 Bd6 8. Bd3 0-0 9. 0-0 a6 10. cxd5 exd5 11. Rc1 Ne4 12. Bb1 Re8 13. Ne2 Qf6 14. Ng3 Re7 15. Nd2 Nxd2 16. Qxd2 g6 17. Rce1 Rae8 18. Qc1 h5 19. Ne2 Qg5 20. Kh1 Nf6 21. Ng1 Ne4 22. Nf3 Qf6 23. Kg1 h4 24. h3 Bc8 25. Ne5 c5 26. Bd3 Bxe5 27. dxe5 Qg5 28. Kh1 Qh5 29. Qd1 Qxd1 30. Rxd1 Bb7 31. Bxe4 dxe4 32. Rd6 Re6 33. Rfd1 g5 34. Kg1 Kh7 35. Rd7 R8e7 36. R1d6 b5 37. Kf1 Kg8 38. Ke2 Rxd7 39. Rxd7 Bc6 40. Rc7 b4 41. Kd2 Kf8 42. Kc2 Ke8 43. Ra7 Bb5 44. Ra8+ Kd7 45. Rg8 Rg6 46. Rxg6 fxg6 47. g3 Bf1 48. gxh4 gxh4 49. Kd2 Ke6 50. Ke1 Bxh3 51. a3 a5 52. axb4 axb4 53. f4 exf3 54. Kf2 Bg2 55. e4 g5 56. Bc1 g4 57. Bg5 g3+ 58. Ke3 f2 0-1

[Event "Titled Tuesday intern op 11th Apr Late"]
[Site "Chess.com INT"]
[Date "2023.04.11"]
[Round "4"]
[White "Coenen, Michael"]
[Black "Montes Orozco, Miguel Angel"]
[Result "1-0"]
[WhiteElo "2298"]
[BlackElo "2104"]
[PlyCount "105"]
[EventDate "2023.04.11"]
[EventType "swiss (blitz)"]
[EventRounds "11"]
[EventCountry "USA"]
[SourceTitle "CBM 213 Extra"]
[Source "ChessBase"]
[SourceDate "2023.05.31"]
[SourceVersion "1"]
[SourceVersionDate "2023.05.31"]
[SourceQuality "1"]

1. e4 e5 2. Nf3 Nc6 3. Bc4 Nf6 4. 0-0 Nxe4 5. Bd5 Nf6 6. Bxc6 dxc6 7. Nxe5 Bd6 8. d4 0-0 9. Bg5 c5 10. Nf3 cxd4 11. Qxd4 Be7 12. Nc3 Bf5 13. Qa4 Qd7 14. Qxd7 Bxd7 15. Rfe1 Rfe8 16. Rad1 Bg4 17. Rd3 Bxf3 18. Rxf3 Bb4 19. Rxe8+ Rxe8 20. h3 Bxc3 21. Rxc3 Ne4 22. Re3 Nd6 23. b3 Kf8 24. Kf1 Nf5 25. Rd3 f6 26. Bf4 c6 27. c4 Kf7 28. g4 Nh4 29. Bg3 Ng6 30. Kg2 Re2 31. Rd7+ Re7 32. Rxe7+ Kxe7 33. f4 f5 34. gxf5 Nh8 35. Kf3 Nf7 36. Bh4+ Kd6 37. Ke4 a6 38. f6 g6 39. f5 Nh6 40. fxg6 hxg6 41. Be1 Ke6 42. Bc3 Nf7 43. Kf4 b5 44. h4 c5 45. cxb5 axb5 46. a4 bxa4 47. bxa4 Kd5 48. a5 Kc6 49. Ke4 Nh6 50. Ke5 Kd7 51. Kd5 Nf5 52. a6 Nh6 53. a7 1-0

[Event "Bundesliga 2122"]
[Site "Germany"]
[Date "2022.07.10"]
[Round "15.1"]
[White "Coenen, Michael"]
[Black "Wong, Gengchun"]
[Result "1-0"]
[WhiteElo "2326"]
[BlackElo "2114"]
[PlyCount "69"]
[EventDate "2022.03.05"]
[EventType "team-tourn"]
[EventRounds "15"]
[EventCountry "GER"]
[SourceTitle "CBM 209 Extra"]
[Source "ChessBase"]
[SourceDate "2022.09.30"]
[SourceVersion "1"]
[SourceVersionDate "2022.09.30"]
[SourceQuality "1"]
[WhiteTeam "Duesseldorf"]
[BlackTeam "Dresden TU"]
[WhiteTeamCountry "GER"]
[BlackTeamCountry "GER"]

1. e4 c5 2. Nf3 d6 3. Nc3 a6 4. a4 Nc6 5. d4 cxd4 6. Nxd4 Nf6 7. Be2 e6 8. 0-0 Be7 9. Be3 0-0 10. Nb3 b6 11. f4 Qc7 12. Bf3 Bb7 13. Qe1 Rab8 14. Kh1 Rfc8 15. Qe2 Bf8 16. Rfd1 Nb4 17. a5 b5 18. Ba7 Ra8 19. Bb6 Qb8 20. Rd2 Nd7 21. Be3 Qc7 22. Rad1 Qc4 23. Nd4 Qxe2 24. Rxe2 Nf6 25. Bf2 Rc7 26. Be1 Rac8 27. Ncxb5 axb5 28. Bxb4 e5 29. Nxb5 Rxc2 30. Rxc2 Rxc2 31. fxe5 Nxe4 32. exd6 Nf2+ 33. Kg1 Nxd1 34. d7 Bxf3 35. gxf3 1-0

[Event "GER-ch Net blitz qual4"]
[Site "Playchess.com INT"]
[Date "2021.05.10"]
[Round "8"]
[White "Coenen, Michael"]
[Black "Azimov, Stanislav"]
[Result "1-0"]
[WhiteElo "2341"]
[BlackElo "1861"]
[PlyCount "71"]
[EventDate "2021.05.10"]
[EventType "swiss (blitz)"]
[EventRounds "11"]
[EventCountry "GER"]
[SourceTitle "CBM 202 Extra"]
[Source "ChessBase"]
[SourceDate "2021.07.31"]
[SourceVersion "1"]
[SourceVersionDate "2021.07.31"]
[SourceQuality "1"]

1. e4 c5 2. Nf3 Nf6 3. Nc3 d5 4. exd5 a6 5. d4 Nxd5 6. dxc5 Nxc3 7. Qxd8+ Kxd8 8. bxc3 f6 9. Ba3 e5 10. Nd2 Nd7 11. Ne4 Kc7 12. Bc4 Kc6 13. Rd1 f5 14. Bd5+ Kc7 15. Nd6 Nf6 16. Bb3 Bd7 17. Nf7 Be7 18. Nxh8 Rxh8 19. 0-0 Bc6 20. f3 g6 21. Be6 e4 22. c4 exf3 23. gxf3 Nh5 24. Bd5 Nf4 25. Rfe1 Bf6 26. Bc1 g5 27. Bxf4+ gxf4 28. Bxc6 bxc6 29. Re6 Rg8+ 30. Kf1 Bc3 31. Rdd6 a5 32. Rxc6+ Kb7 33. Rcd6 Kc7 34. Re7+ Kc8 35. Ra6 Bb4 36. Ra8# 1-0

[Event "GER-ch Net blitz qual4"]
[Site "Playchess.com INT"]
[Date "2021.05.10"]
[Round "3"]
[White "Coenen, Michael"]
[Black "Koch, Yannick"]
[Result "1-0"]
[WhiteElo "2341"]
[BlackElo "1422"]
[PlyCount "35"]
[EventDate "2021.05.10"]
[EventType "swiss (blitz)"]
[EventRounds "11"]
[EventCountry "GER"]
[SourceTitle "CBM 202 Extra"]
[Source "ChessBase"]
[SourceDate "2021.07.31"]
[SourceVersion "1"]
[SourceVersionDate "2021.07.31"]
[SourceQuality "1"]

1. e4 c5 2. Nf3 a6 3. c3 d5 4. d3 dxe4 5. dxe4 Qxd1+ 6. Kxd1 Bg4 7. Nbd2 Nc6 8. Kc2 0-0-0 9. a4 e6 10. Nc4 Bxf3 11. gxf3 Nf6 12. Bf4 b5 13. axb5 axb5 14. Na3 b4 15. Ba6+ Kd7 16. Nc4 Be7 17. Bb5 Rc8 18. Nb6+ 1-0

[Event "GER-ch Net blitz qual4"]
[Site "Playchess.com INT"]
[Date "2021.05.10"]
[Round "7"]
[White "Palme, Holger"]
[Black "Coenen, Michael"]
[Result "0-1"]
[WhiteElo "1917"]
[BlackElo "2341"]
[PlyCount "60"]
[EventDate "2021.05.10"]
[EventType "swiss (blitz)"]
[EventRounds "11"]
[EventCountry "GER"]
[SourceTitle "CBM 202 Extra"]
[Source "ChessBase"]
[SourceDate "2021.07.31"]
[SourceVersion "1"]
[SourceVersionDate "2021.07.31"]
[SourceQuality "1"]

1. Nf3 Nf6 2. d4 g6 3. Bg5 Bg7 4. Nbd2 c5 5. c3 cxd4 6. cxd4 0-0 7. e3 d6 8. Bc4 a6 9. 0-0 b5 10. Bxf6 Bxf6 11. Bd5 Ra7 12. Ne4 Bg7 13. Rc1 Nd7 14. a4 Nb6 15. Bb3 Bb7 16. Nc3 b4 17. Nb1 a5 18. Nbd2 Qa8 19. Nc4 Nxc4 20. Bxc4 Rc8 21. Be2 Bd5 22. Qd3 Rac7 23. Rxc7 Rxc7 24. Rd1 Qc6 25. Ne1 Qxa4 26. e4 Bb3 27. Rd2 Rc1 28. Kf1 Qa1 29. Bd1 Rxd1 30. Rxd1 Qxd1 0-1

[Event "GER-ch Net blitz qual3"]
[Site "Playchess.com INT"]
[Date "2021.05.07"]
[Round "4"]
[White "Palme, Holger"]
[Black "Coenen, Michael"]
[Result "0-1"]
[WhiteElo "1873"]
[BlackElo "2365"]
[PlyCount "76"]
[EventDate "2021.05.07"]
[EventType "swiss (blitz)"]
[EventRounds "11"]
[EventCountry "GER"]
[SourceTitle "CBM 202 Extra"]
[Source "ChessBase"]
[SourceDate "2021.07.31"]
[SourceVersion "1"]
[SourceVersionDate "2021.07.31"]
[SourceQuality "1"]

1. Nf3 Nf6 2. d4 e6 3. Bg5 c5 4. c3 Qb6 5. Qb3 d5 6. Nbd2 c4 7. Qxb6 axb6 8. Bxf6 gxf6 9. e4 b5 10. a3 f5 11. exf5 b4 12. cxb4 Bxb4 13. 0-0-0 Bd6 14. g3 exf5 15. Bg2 f4 16. Rhe1+ Kf8 17. Ne5 Ra5 18. Nb1 Nc6 19. Nc3 Ne7 20. Rd2 Be6 21. Rde2 b5 22. gxf4 b4 23. axb4 Bxb4 24. Kd2 Ra6 25. Bf3 Nf5 26. Bg4 Nxd4 27. Ke3 Nxe2 28. Rxe2 Bxg4 29. Nxg4 Re6+ 30. Ne5 Bxc3 31. bxc3 f6 32. Kd4 fxe5+ 33. fxe5 Ke7 34. f4 Rf8 35. Rf2 Rh6 36. f5 Rh5 37. Kxd5 Rfxf5 38. Kxc4 Rxf2 0-1

[Event "GER-ch Net blitz qual3"]
[Site "Playchess.com INT"]
[Date "2021.05.07"]
[Round "2"]
[White "Sauer, Marko"]
[Black "Coenen, Michael"]
[Result "0-1"]
[WhiteElo "1877"]
[BlackElo "2365"]
[PlyCount "62"]
[EventDate "2021.05.07"]
[EventType "swiss (blitz)"]
[EventRounds "11"]
[EventCountry "GER"]
[SourceTitle "CBM 202 Extra"]
[Source "ChessBase"]
[SourceDate "2021.07.31"]
[SourceVersion "1"]
[SourceVersionDate "2021.07.31"]
[SourceQuality "1"]

1. e4 c5 2. Nf3 Nc6 3. d4 cxd4 4. Nxd4 d5 5. Nxc6 bxc6 6. exd5 Qxd5 7. Nc3 Qxd1+ 8. Nxd1 Bf5 9. Ne3 Bg6 10. Bd2 Nf6 11. f3 e6 12. 0-0-0 Nd5 13. Nc4 f6 14. g3 Bc5 15. Bh3 Kf7 16. Rhe1 Rhe8 17. f4 h5 18. Na5 Rac8 19. a3 Rc7 20. b4 Bf8 21. Kb2 h4 22. c4 Nb6 23. Bg2 c5 24. b5 Rd8 25. Bc3 Rcd7 26. Bf3 Be7 27. Kb3 Bd3 28. g4 g6 29. Bc6 Bxc4+ 30. Nxc4 Rxd1 31. Rxd1 Rxd1 0-1

[Event "GER-ch Net blitz qual2"]
[Site "Playchess.com INT"]
[Date "2021.05.04"]
[Round "5"]
[White "Kitschke, Heiko"]
[Black "Coenen, Michael"]
[Result "0-1"]
[WhiteElo "1782"]
[BlackElo "2493"]
[PlyCount "54"]
[EventDate "2021.05.04"]
[EventType "swiss (blitz)"]
[EventRounds "11"]
[EventCountry "GER"]
[SourceTitle "CBM 202 Extra"]
[Source "ChessBase"]
[SourceDate "2021.07.31"]
[SourceVersion "1"]
[SourceVersionDate "2021.07.31"]
[SourceQuality "1"]

1. e4 c5 2. Nf3 d6 3. d4 cxd4 4. Nxd4 Nf6 5. Nc3 a6 6. h3 e5 7. Nb3 Be6 8. g4 h6 9. Bg2 Nbd7 10. Be3 b5 11. Qd2 Rc8 12. 0-0 Nb6 13. Bxb6 Qxb6 14. Kh2 Be7 15. Nd5 Bxd5 16. exd5 0-0 17. Rac1 Nd7 18. Na5 Bg5 19. f4 Bxf4+ 20. Rxf4 exf4 21. Nc6 Rfe8 22. Qxf4 Qe3 23. Qf1 Ne5 24. Re1 Qxe1 25. Qxe1 Nxg4+ 26. hxg4 Rxe1 27. Kg3 Kf8 0-1

[Event "GER-ch Net blitz qual1"]
[Site "Playchess.com INT"]
[Date "2021.04.24"]
[Round "8"]
[White "Coenen, Michael"]
[Black "Khachatryan, Taron"]
[Result "0-1"]
[WhiteElo "2589"]
[BlackElo "2070"]
[PlyCount "166"]
[EventDate "2021.04.24"]
[EventType "swiss (blitz)"]
[EventRounds "11"]
[EventCountry "GER"]
[SourceTitle "CBM 202 Extra"]
[Source "ChessBase"]
[SourceDate "2021.07.31"]
[SourceVersion "1"]
[SourceVersionDate "2021.07.31"]
[SourceQuality "1"]

1. Nf3 Nf6 2. d4 e6 3. Bg5 d5 4. e3 Be7 5. Nbd2 Nbd7 6. Bd3 c5 7. c3 b6 8. 0-0 Bb7 9. a3 Ne4 10. Bxe7 Qxe7 11. Rc1 f5 12. Bb1 0-0 13. Re1 Rae8 14. Nf1 Kh8 15. b4 c4 16. N3d2 e5 17. f3 Nxd2 18. Qxd2 e4 19. f4 b5 20. Bc2 Nb6 21. Qf2 Bc6 22. Kh1 Nc8 23. Bd1 Nd6 24. Ra1 Qd7 25. Ng3 Ra8 26. Ne2 a5 27. Bc2 Ra7 28. Ng1 Rfa8 29. Rac1 axb4 30. axb4 Ra3 31. Bd1 Ra2 32. Re2 Qa7 33. Rxa2 Qxa2 34. Qxa2 Rxa2 35. Nh3 h6 36. Kg1 Kg8 37. Kf1 Kf7 38. Nf2 Nc8 39. g3 Nb6 40. Ke1 Na4 41. Bxa4 bxa4 42. Kf1 a3 43. g4 Rb2 44. Ra1 a2 45. Kg2 fxg4 46. Kg3 h5 47. h3 gxh3 48. Nxh3 Ba4 49. f5 Bb3 50. Nf4 Rb1 51. Rxa2 Bxa2 52. Nxd5 Bb3 53. Kf4 Bc2 54. Kg5 Rh1 55. b5 Ba4 56. b6 Bc6 57. Nf4 h4 58. d5 Bb7 59. d6 h3 60. Kg4 h2 61. Kg3 Rd1 62. Kxh2 Rxd6 63. Kg3 Rxb6 64. Ne2 Bc8 65. Kf4 Rf6 66. Nd4 Bxf5 67. Ke5 Bd7 68. Kxe4 g5 69. Ke5 g4 70. Ne2 Bc6 71. Ng3 Rf3 72. Nf5 Rxf5+ 73. Kxf5 g3 74. Ke5 g2 75. Kd4 g1Q 76. Kc5 Qxe3+ 77. Kxc4 Qe4+ 78. Kc5 Qd5+ 79. Kb4 Qb5+ 80. Ka3 Ke6 81. c4 Qxc4 82. Kb2 Qd3 83. Kc1 Qe2 0-1